000 01636 a2200217 4500
001 41435
005 20260407155708.0
008 260407a1987 arg spa d
003 AR-UNSa-BCEJYS
040 _aAR-UNSa-BCEJYS
_bspa
_cAR-UNSa-BCEJYS
080 _a347.44
_xContratos en general. Obligaciones
245 1 0 _aContratos con cláusulas predispuestas
_pcondiciones negociales generales
020 _a950-508-225-8
264 1 _aBuenos Aires :
_bAstrea
_c1987
300 _axxxviii, 692 p.
_c23 cm.
505 _a1. Tráfico de masa - 2. Intereses difusos, derecho de la consumición, acceso a la justicia y condiciones negociables generales - 3. Rasgos característicos de las condiciones negociables generales. Publicidad. Monopolios. "Kartelle" - 4. Concepto de condiciones negociables generales - 5. Definición y elementos de las condiciones negociables generales - 6. Negociación individual. Sujetos. Colisión de condiciones generales de empresas. Forma. Incorporación contractual - 7. Historia. Empresa. Economía. Técnica. Poder. Poder bancario. Prehorizontalidad - 8. El acto preformulado. Contrato de adhesión. Formulario para contrato. Actos notariales. Cláusula de estilo. Contrato preliminar. Contrato normativo. Directivo. Contrato Leonino. Otos supuestos - 9. Esencia jurídica - 10. Autonomía privada - 11. El consentimiento en la contratación moderna - 12. Cláusulas abusivas y sorpresivas. Limitación o exclusión de responsabilidad - 13. Cláusulas de riesgo - 14. Interpretación
041 _aspa
942 _cBK
590 _aniveau_biblio:m niveau_hierar:0
100 1 _aRezzónico, Juan Carlos
999 _c3505
_d3505